000 00577nam a2200181 a 4500
001 000043408
005 20201002040904.0
008 140314s1991 sp acd 001 0 spa d
020 _a8403602057
040 _aDO-SdBNP
_bspa
_cBNPHU
245 0 0 _aCultura y Modernidad /
_ceditado por Richard Maltby.
260 _aBarcelona :,
_cAguilar
_c1991.
300 _a269 p. :
_bil., gráf., retrs. ;
_c30 cm.
490 1 _aSiglo veinte, análisis histórico
500 _aIncluye índice
700 1 2 _aMaltby, Richard
_eed.
_971070
830 0 _aSiglo veinte, análisis histórico
_971071
999 _c42897
_d42897